Forced Migration review : public health and wash : plus special feature on: non- signatory states and the international refugee regime : issue 67 July/August 2021 (Record no. 81251)
[ view plain ]
| 000 -LEADER | |
|---|---|
| fixed length control field | 00951nam a22002537a 4500 |
| 003 - CONTROL NUMBER IDENTIFIER | |
| control field | CBULib |
| 005 - DATE AND TIME OF LATEST TRANSACTION | |
| control field | 20230818142126.0 |
| 008 - FIXED-LENGTH DATA ELEMENTS--GENERAL INFORMATION | |
| fixed length control field | 230816b |||||||| |||| 00| 0 eng d |
| 020 ## - INTERNATIONAL STANDARD BOOK NUMBER | |
| International Standard Book Number | 14609819 |
| 040 ## - CATALOGING SOURCE | |
| Original cataloging agency | CBULib |
| Language of cataloging | English |
| Transcribing agency | CBULib |
| Description conventions | rda |
| 050 ## - LIBRARY OF CONGRESS CALL NUMBER | |
| Classification number | UOO(05)FMR/2021/67 |
| 100 ## - MAIN ENTRY--PERSONAL NAME | |
| Personal name | Refugee Studies Centre |
| 110 ## - MAIN ENTRY--CORPORATE NAME | |
| 9 (RLIN) | 565 |
| Corporate name or jurisdiction name as entry element | University of Oxford(UOO) |
| 245 ## - TITLE STATEMENT | |
| Title | Forced Migration review : public health and wash : plus special feature on: non- signatory states and the international refugee regime : issue 67 July/August 2021 |
| Statement of responsibility, etc | / by University of Oxford(UOO) |
| 260 ## - PUBLICATION, DISTRIBUTION, ETC. (IMPRINT) | |
| Name of publisher, distributor, etc | University of Oxford , |
| Date of publication, distribution, etc | 2021 |
| Place of publication, distribution, etc | Oxford : |
| 300 ## - PHYSICAL DESCRIPTION | |
| Extent | 66 pages : illustrations |
| 336 ## - CONTENT TYPE | |
| Source | rdacontent |
| Content type term | Text | |
| Content type code | txt |
| 337 ## - MEDIA TYPE | |
| Source | rdamedia |
| Media type term | Unmediated | |
| Media type code | n |
| 338 ## - CARRIER TYPE | |
| Source | rdacarrier |
| Carrier type term | Volume |
| Carrier type code | nc |
| 650 #0 - SUBJECT ADDED ENTRY--TOPICAL TERM | |
| 9 (RLIN) | 566 |
| Topical term or geographic name as entry element | FORCED MIGRATIONS—PERIODICALS |
| 650 #0 - SUBJECT ADDED ENTRY--TOPICAL TERM | |
| 9 (RLIN) | 566 |
| Topical term or geographic name as entry element | FORCED MIGRATIONS—PERIODICALS |
| 650 #0 - SUBJECT ADDED ENTRY--TOPICAL TERM | |
| 9 (RLIN) | 567 |
| Topical term or geographic name as entry element | REFUGEES--PERIODICALS |
| 942 ## - ADDED ENTRY ELEMENTS (KOHA) | |
| Source of classification or shelving scheme | |
| Koha item type | INTERNATIONAL PUBLICATIONS |
| Withdrawn status | Lost status | Source of classification or shelving scheme | Damaged status | Not for loan | Collection code | Permanent Location | Current Location | Shelving location | Date acquired | Source of acquisition | Full call number | Barcode | Date last seen | Copy number | Price effective from | Koha item type |
|---|---|---|---|---|---|---|---|---|---|---|---|---|---|---|---|---|
| Special Collections | CBU-MAIN LIBRARY, KITWE. | CBU-MAIN LIBRARY, KITWE. | Special Collections | 08/16/2023 | DEP-UOO | UOO(05)FMR/2021 | B81251 | 08/16/2023 | 1 | 08/16/2023 | INTERNATIONAL PUBLICATIONS |